000 00663nam a2200229Ia 4500
005 20260429112022.0
008 260429s9999||||xx |||||||||||||| ||und||
020 _a9781032399492
041 _aEnglish
082 _a371
_bMAR
100 _aMarsh-Davies, Katy
245 0 _aTeachers and teaching post-covid :
_bseizing opportunities for change /
_cKaty Marsh-Davies
250 _a1st ed.
260 _aNew York :
_bRoutledge,
_c2024.
300 _axxiii, 328 p.; pbk
650 _a Educational change
650 _a Teacher education
650 _a Teaching methods
650 _aEducation after COVID-19
700 _a Burnett, Cathy
942 _cTB
999 _c51922
_d51922